Упругое рассеяние электронов на нуклонах; Известия вузов. Физика; Т. 46, № 10

Détails bibliographiques
Parent link:Известия вузов. Физика/ Министерство общего и профессионального образования Российской Федерации ; Томский Госуниверситет.— , 1958-.— 0021-3411
Т. 46, № 10.— 2003.— с. 95-96
Auteur principal: Смирнов А. И.
Langue:russe
Publié: 2003
Collection:Краткие сообщения
Sujets:
Format: MixedMaterials Chapitre de livre
KOHA link:https://koha.lib.tpu.ru/cgi-bin/koha/opac-detail.pl?biblionumber=419958

MARC

LEADER 00000naa2a2200000 4500
001 419958
005 20231101073323.0
035 |a (RuTPU)RU\TPU\prd\77420 
035 |a RU\TPU\prd\21654 
090 |a 419958 
100 |a 20100301a2003 k y0rusy50 ca 
101 0 |a rus 
102 |a RU 
200 1 |a Упругое рассеяние электронов на нуклонах  |f А. И. Смирнов 
225 1 |a Краткие сообщения 
320 |a Библиогр.: 3 назв. 
461 1 |0 (RuTPU)RU\TPU\prd\191  |x 0021-3411  |t Известия вузов. Физика  |f Министерство общего и профессионального образования Российской Федерации ; Томский Госуниверситет  |d 1958- 
463 1 |0 (RuTPU)RU\TPU\prd\77401  |t Т. 46, № 10  |v с. 95-96  |d 2003 
610 1 |a нуклоны 
610 1 |a электроны 
610 1 |a упругое рассеяние 
675 |a 539.12  |v 3 
700 1 |a Смирнов  |b А. И. 
801 1 |a RU  |b 63413507  |c 20040123  |g PSBO 
801 2 |a RU  |b 63413507  |c 20101028  |g RCR 
942 |c BK